01239nam a22002897a 450000500170000000800410001702000150005804000070007304100080008008200230008810000370011124500580014826000520020630000240025836500360028252003690031865000230068765000410071065000200075165000390077170000310081070000180084170000190085970000230087870000280090170000200092920230719115015.0230719b ||||| |||| 00| 0 eng d a8185220069 cAL aeng 223a297.0922bALAH aMohammad Manzoor Alam...[et. al] aHundred Great Muslim Leaders of the Twentieth Century aNew DelhibInstitute of Objective Studiesc2005 a485p.bHBc30x22cm. 2Religionb1500.00c₹d1500.00 aHistorical Maps of the 20th Century, Tracing the Historic Changes in the World Through the Century, Preface, By the Editor-in-Chief, Dr. Mohd Manzoor Alam, Chairman, Institute of Objective Studies, India, Introduction, By the Editors, Prof. Z M Khan and Prof. A R Momin. The 100 Great portrayed here represented that indomitable Islamic spirit of "never say die".  aLeaders and Rulers aRevolutionaries and Freedom Fighters aWriters a Poets aEducationists and Social Reformers aALAM (Mohammad Manzoor) Ed aKHAN (Z M) Ed aMOMIN (A R) Ed aAHMED (Manzoor) Ed aKHAN (Shaukat Ullah) Ed aNIZAMI (Z A) Ed